Conocimiento del Hombre
Obra que reúne algunos de los principales postulados de la corriente psicológica de la psicología individual fundada por el autor. Parte formulando su edificio teórico de la ciencia psicológica desde lo más básico: la teoría del alma. Asimismo, se desarrollan algunas nociones vinculadas con la gnose...
Guardat en:
| Autor principal: | |
|---|---|
| Format: | Llibre |
| Idioma: | Undetermined |
| Publicat: |
Chile
Zig-Zag
1939
|
| Matèries: | |
| Etiquetes: |
Afegir etiqueta
Sense etiquetes, Sigues el primer a etiquetar aquest registre!
|
MARC
| LEADER | 00000nam a2200000Ia 4500 | ||
|---|---|---|---|
| 008 | 170316s9999 xx 000 0 und d | ||
| 040 | |a cru BVZT | ||
| 090 | |a 100 A-3c | ||
| 100 | |a Adler, Alfred |9 1090 | ||
| 245 | |a Conocimiento del Hombre |c / Alfred Adler | ||
| 260 | |a Chile |b Zig-Zag |c 1939 | ||
| 300 | |a 297 páginas | ||
| 520 | |a Obra que reúne algunos de los principales postulados de la corriente psicológica de la psicología individual fundada por el autor. Parte formulando su edificio teórico de la ciencia psicológica desde lo más básico: la teoría del alma. Asimismo, se desarrollan algunas nociones vinculadas con la gnoseología como las impresiones del mundo exterior, la relación entre los sexos y su afamada innovación conceptual del complejo de inferioridad. Posteriormente desarrolla la conocida doctrina psicológica del carácter | ||
| 650 | |a FILOSOFÍA |9 5 | ||
| 650 | |a ANTROPOLOGÍA |9 683 | ||
| 650 | |a PSICOLOGÍA |9 122 | ||
| 650 | |a PSICOANÁLISIS |9 856 | ||
| 999 | |c 15593 |d 15593 | ||
| 942 | |c 15 D |h 100 A-3c |2 z | ||
